MARC

LEADER 00000nam0a2200000 4500
001 265562
005 20231101233931.0
020 |a RU  |b 86-61277 
035 |a (RuTPU)RU\TPU\book\288564 
090 |a 265562 
100 |a 20140626d1986 k y0rusy5003 ca 
101 0 |a rus 
102 |a UA 
105 |a y z 001zy 
200 1 |a Исследования по теоретическим и прикладным вопросам математики  |e сборник научных трудов  |f Академия наук Украинской ССР (АН УССР), Институт математики 
210 |a Киев  |c Изд-во института математики  |d 1986 
215 |a 117 с.  |d 20 см 
320 |a Библиогр. в конце статей 
606 1 |a Математика  |2 stltpush  |3 (RuTPU)RU\TPU\subj\67327  |9 83171 
610 1 |a математический анализ 
610 1 |a алгебра 
610 1 |a дифференциальные уравнения 
610 1 |a теория вероятностей 
610 1 |a численный анализ 
610 1 |a оптимизация 
675 |a 51  |z rus  |v 3 
712 0 2 |a Академия наук Украинской ССР (АН УССР)  |b Институт математики  |2 stltpush  |3 (RuTPU)RU\TPU\col\11281 
801 0 |a RU  |b RuMRKP  |c 19960705  |g psbo 
801 1 |a RU  |b 63413507  |c 20140626 
801 2 |a RU  |b 63413507  |c 20151109  |g RCR 
942 |c BK